[Event "Petroupoli ASOP Dias Seniors op"]
[Site "Petroupoli"]
[Date "2013.02.23"]
[Round "6.2"]
[White "Spartinos, Pantelis"]
[Black "Pavlis, Antonios"]
[Result "0-1"]
[WhiteElo "1671"]
[BlackElo "1836"]
[PlyCount "76"]
[EventDate "2013.01.19"]
[EventType "swiss"]
[EventRounds "7"]
[EventCountry "GRE"]
[SourceTitle "EXT 2024"]
[Source "ChessBase"]
[SourceDate "2023.10.10"]
[SourceVersion "1"]
[SourceVersionDate "2023.10.10"]
[SourceQuality "1"]

1. d4 d5 2. c4 e5 3. dxe5 d4 4. Nf3 Nc6 5. a3 f6 6. exf6 Qxf6 7. Bg5 Qg6 8. Qd2 Bf5 9. Nh4 Qf7 10. Nxf5 Qxf5 11. Bh4 Nf6 12. Bxf6 gxf6 13. g3 0-0-0 14. Bg2 Ne5 15. b3 h5 16. h4 Bd6 17. Bh3 Ng4 18. Bxg4 hxg4 19. Qd3 Qe5 20. Kd2 f5 21. Kc2 f4 22. Nd2 fxg3 23. fxg3 Rde8 24. Rae1 Qe3 25. Nf1 Qf2 26. Nd2 Bxg3 27. Ne4 Rxe4 28. Qxe4 d3+ 29. Qxd3 Rd8 30. Qe4 Bd6 31. Qxg4+ Kb8 32. h5 Bxa3 33. h6 Qf6 34. Rb1 Bb4 35. Qf3 Rd2+ 36. Kc1 Qa6 37. Rb2 Qa1+ 38. Rb1 Qa3+ 0-1

[Event "Petroupoli ASOP Dias Seniors op"]
[Site "Petroupoli"]
[Date "2013.02.16"]
[Round "5.6"]
[White "Abelakiotis, Stavros"]
[Black "Spartinos, Pantelis"]
[Result "0-1"]
[WhiteElo "1378"]
[BlackElo "1671"]
[PlyCount "102"]
[EventDate "2013.01.19"]
[EventType "swiss"]
[EventRounds "7"]
[EventCountry "GRE"]
[SourceTitle "EXT 2024"]
[Source "ChessBase"]
[SourceDate "2023.10.10"]
[SourceVersion "1"]
[SourceVersionDate "2023.10.10"]
[SourceQuality "1"]

1. e4 e5 2. Nf3 Nc6 3. Bb5 a6 4. Ba4 Nf6 5. d3 d6 6. 0-0 Be7 7. h3 0-0 8. Re1 b5 9. Bb3 Na5 10. Bd2 Nxb3 11. axb3 h6 12. c4 Be6 13. Nc3 c6 14. Qc2 Qd7 15. Kh2 Nh7 16. Ne2 f5 17. exf5 Bxf5 18. Ng3 Bxh3 19. Be3 Bf5 20. Qd2 Nf6 21. d4 Ng4+ 22. Kg1 exd4 23. Nxd4 Bh7 24. Bf4 Bf6 25. Qd1 Ne5 26. cxb5 axb5 27. Rxa8 Rxa8 28. Nxb5 Nd3 29. Re3 Nxf4 30. Nxd6 Nd5 31. Nc4 Rd8 32. Re1 Nf4 33. Qxd7 Rxd7 34. Ne4 Bxe4 35. Rxe4 Nd3 36. Re8+ Kf7 37. Rc8 Nxb2 38. Nxb2 Bxb2 39. Rxc6 Rb7 40. Rc2 Rxb3 41. Rc7+ Kg6 42. Rc6+ Bf6 43. Kh2 Rc3 44. Rxc3 Bxc3 45. Kg3 Kf5 46. Kf3 g5 47. g4+ Ke5 48. Ke2 Kf4 49. f3 Bd4 50. Kd3 Ba7 51. Ke2 Bb6 0-1

[Event "Petroupoli ASOP Dias Seniors op"]
[Site "Petroupoli"]
[Date "2013.02.09"]
[Round "4.6"]
[White "Spartinos, Pantelis"]
[Black "Kokkota, Eleni"]
[Result "1-0"]
[WhiteElo "1671"]
[BlackElo "1476"]
[PlyCount "65"]
[EventDate "2013.01.19"]
[EventType "swiss"]
[EventRounds "7"]
[EventCountry "GRE"]
[SourceTitle "EXT 2024"]
[Source "ChessBase"]
[SourceDate "2023.10.10"]
[SourceVersion "1"]
[SourceVersionDate "2023.10.10"]
[SourceQuality "1"]

1. d4 Nf6 2. c4 e6 3. Nc3 Bb4 4. a3 Bxc3+ 5. bxc3 c5 6. Qc2 Nc6 7. Nf3 d5 8. e3 Ne4 9. Bd3 f5 10. 0-0 0-0 11. Bb2 b6 12. Nd2 Na5 13. cxd5 Nxd2 14. Qxd2 Nb3 15. Qd1 Nxa1 16. dxe6 Bxe6 17. Bxa1 c4 18. Bc2 Bd5 19. Qh5 Qf6 20. a4 g6 21. Qh6 a5 22. Bb2 Qc6 23. f3 Rab8 24. Ba3 Rf7 25. Qf4 Rd8 26. Rb1 Rdd7 27. Qe5 Rd8 28. Kf2 Rb7 29. Rb5 Qd7 30. Qf6 Bc6 31. Re5 Re8 32. Bxf5 Qg7 33. Qxc6 1-0

[Event "Petroupoli op 5th"]
[Site "Petroupoli"]
[Date "2012.09.08"]
[Round "1"]
[White "Kotsokolos, Theodoros"]
[Black "Spartinos, Pantelis"]
[Result "0-1"]
[WhiteElo "1315"]
[BlackElo "1696"]
[PlyCount "76"]
[EventDate "2012.09.08"]
[EventType "swiss"]
[EventRounds "7"]
[EventCountry "GRE"]
[SourceTitle "CBM 150 Extra"]
[Source "ChessBase"]
[SourceDate "2012.10.19"]
[SourceVersion "1"]
[SourceVersionDate "2012.10.19"]
[SourceQuality "1"]

1. e4 e5 2. Nf3 Nc6 3. Bc4 Bc5 4. c3 Nf6 5. d4 exd4 6. cxd4 Bb4+ 7. Nc3 d6 8. 0-0 0-0 9. Nd5 Nxd5 10. exd5 Ne7 11. a3 Ba5 12. b4 Bb6 13. Bd2 Bg4 14. Bc3 Qd7 15. Qd3 Bxf3 16. Qxf3 Qf5 17. Qxf5 Nxf5 18. Rad1 Rfe8 19. Bb5 Re7 20. Rd2 a6 21. Ba4 Ba7 22. g3 b5 23. Bc2 Nh6 24. Rdd1 Rae8 25. f3 Re3 26. Bd3 g6 27. g4 Kg7 28. h4 Ng8 29. Kf2 Nf6 30. Bb2 R3e7 31. Kg3 Nxd5 32. Rd2 Ne3 33. Re1 Nf5+ 34. gxf5 Rxe1 35. d5+ f6 36. fxg6 hxg6 37. Rh2 Rg1+ 38. Kf4 Be3# 0-1

[Event "Fyli op 4th"]
[Site "Fyli"]
[Date "2012.03.31"]
[Round "2"]
[White "Spartinos, Pantelis"]
[Black "Gkertsos, Georgios"]
[Result "1/2-1/2"]
[WhiteElo "1815"]
[BlackElo "1877"]
[PlyCount "54"]
[EventDate "2012.03.24"]
[EventType "swiss"]
[EventRounds "7"]
[EventCountry "GRE"]
[SourceTitle "EXT 2013"]
[Source "ChessBase"]
[SourceDate "2012.11.22"]
[SourceVersion "1"]
[SourceVersionDate "2012.11.22"]
[SourceQuality "1"]

1. d4 Nf6 2. c4 c5 3. Nf3 g6 4. e3 Bg7 5. Be2 d6 6. Nc3 0-0 7. 0-0 Nbd7 8. Qc2 b6 9. b3 Bb7 10. Bb2 Ne8 11. d5 Nc7 12. Bd3 b5 13. Nd2 bxc4 14. bxc4 Ne5 15. Be2 Ba6 16. f4 Nd7 17. f5 Rb8 18. fxg6 hxg6 19. Rf2 Ne5 20. Raf1 Qc8 21. Ba1 Bh6 22. Nd1 Qb7 23. Bxe5 dxe5 24. Qe4 Bg7 25. h4 f5 26. Qc2 Qb6 27. h5 Bc8 1/2-1/2

[Event "Petroupoli op 3rd"]
[Site "Petroupoli"]
[Date "2012.03.10"]
[Round "1"]
[White "Spartinos, Pantelis"]
[Black "Kalofonos, Panayotis"]
[Result "0-1"]
[WhiteElo "1815"]
[BlackElo "1783"]
[PlyCount "37"]
[EventDate "2012.03.10"]
[EventType "swiss"]
[EventRounds "7"]
[EventCountry "GRE"]
[SourceTitle "CBM 147 Extra"]
[Source "ChessBase"]
[SourceDate "2012.04.24"]
[SourceVersion "1"]
[SourceVersionDate "2012.04.24"]
[SourceQuality "1"]

1. d4 d5 2. e4 dxe4 3. Nc3 Nf6 4. f3 exf3 5. Nxf3 c6 6. Bc4 Bg4 7. 0-0 e6 8. Bg5 Be7 9. Qd2 Nbd7 10. Bf4 0-0 11. Rae1 Bf5 12. Bd3 Bxd3 13. Qxd3 Nh5 14. Bc1 Nhf6 15. Ng5 h6 16. Nf3 Bd6 17. Ne4 Nxe4 18. Rxe4 Re8 19. Rh4 0-1